| 000 | 00466nam a2200157 a 4500 | ||
|---|---|---|---|
| 001 | 3265 | ||
| 003 | CDMR | ||
| 005 | 20130321160107.0 | ||
| 008 | 130130s1984||||||||||||||||||||||||||||d | ||
| 020 | _a8476020023 | ||
| 040 |
_aCDMR _bcat _cCPC GIRONA |
||
| 100 | 1 |
_aCoromina i Pou, Eusebi _9626 |
|
| 245 | 1 | 0 |
_aPràctiques d'expressió i comunicació _b: ensenyament Secundari (BUP, COU, FP) i superior _cEusebi Coromina i Pou |
| 260 |
_c1984 _bEumo _aVic |
||
| 942 |
_cMON _2udc |
||
| 999 |
_c3265 _d3265 |
||